Statystyki dla Większość islamskich krajów europejskich

Kliknij tutaj aby rozwiązać quiz!

Ogólne statystyki

  • Ten quiz został rozwiązany 964 razy
  • Średni wynik to 7 z 10

Statystyki odpowiedzi

%kraj% Poprawnych
58,8Albania
85%
8,8Francja
83%
50,7Bosnia i Hercegowina
78%
95,6Kosowo
75%
13,4Bulgaria
69%
10 - 17Rosja
65%
19,1Czarnogóra
63%
8,1Szwecja
57%
33,3Macedonia Północna
52%
8Austria
31%

Rozkład punktacji

Percentyl według liczby udzielonych odpowiedzi

Procent ludzi z każdym wynikiem

Twoja historia wyników

Nie rozwiązałeś tego quizu